| 000 | 00555nmm a2200157Ia 4500 | ||
|---|---|---|---|
| 008 | 251105s9999||||xx |||||||||||||||||und|| | ||
| 041 | _aspa | ||
| 100 | _aCalle, Ramiro | ||
| 245 | 0 |
_aEl Zen contado con sencillez : _b Una corriente vital que nos puede resultar de gran ayuda en los tiempos que vivimos hoy día. |
|
| 264 |
_a[Madrid, España] : _bMaeva Ediciones, _c2005 |
||
| 300 | _a107 páginas | ||
| 490 | _aContado con Sencillez | ||
| 650 | _aMind, body and spirituality | ||
| 856 | _uhttps://public.digitaliapublishing.com/a/44666 | ||
| 942 | _cCF | ||
| 999 |
_c98918 _d98918 |
||